[Event "EU-ch Cities&Town (Women) op"]
[Site "Tornelo INT"]
[Date "2023.01.29"]
[Round "?"]
[White "Ndreko, Ailin"]
[Black "Johansson, Viktoria"]
[Result "0-1"]
[WhiteElo "1256"]
[BlackElo "2042"]
[PlyCount "136"]
[EventDate "2023.01.29"]
[EventType "team-swiss"]
[EventRounds "9"]
[EventCountry "NET"]
[SourceTitle "CBM 212 Extra"]
[Source "ChessBase"]
[SourceDate "2023.03.31"]
[SourceVersion "1"]
[SourceVersionDate "2023.03.31"]
[SourceQuality "1"]
[WhiteTeam "Durres Teuta"]
[BlackTeam "Stockholm"]
[WhiteTeamCountry "ALB"]
[BlackTeamCountry "SWE"]

1. e4 c5 2. f4 d5 3. exd5 Qxd5 4. Nf3 Nc6 5. Nc3 Qd8 6. Bb5 Bd7 7. Bxc6 Bxc6 8. 0-0 Nf6 9. d3 e6 10. h3 Be7 11. Be3 0-0 12. Ne5 Qc7 13. Ne2 Rad8 14. Ng3 Bd6 15. Ng4 Nd5 16. Qd2 b6 17. Ne4 Be7 18. Ng5 h6 19. Nf3 Bb7 20. Nfe5 Nxe3 21. Qxe3 c4 22. Kh1 cxd3 23. cxd3 Qd6 24. Qg3 Kh7 25. f5 exf5 26. Rxf5 Bc8 27. Rf3 Bxg4 28. hxg4 f6 29. Nc4 Qxg3 30. Rxg3 Bc5 31. Rd1 Rfe8 32. a3 a5 33. b4 axb4 34. axb4 Bd4 35. Rf3 Re2 36. Rf4 b5 37. Na3 Be5 38. Rf5 Rb2 39. Nxb5 Rxb4 40. Na3 Rxg4 41. Kg1 Ra4 42. Nc2 Ra2 43. Rf2 Rc8 44. Rdd2 Bg3 45. Rf3 Bb8 46. Rff2 f5 47. d4 Bg3 48. Rf3 f4 49. d5 Rcxc2 50. Rxc2 Rxc2 51. Kf1 Rd2 52. d6 Rxd6 53. Ke2 g5 54. Ra3 Kg6 55. Ra5 h5 56. Rb5 g4 57. Rb8 Re6+ 58. Kd3 f3 59. Rb2 f2 60. Rb1 Re1 61. Rb6+ Kg5 62. Rb5+ Kh4 63. Rxh5+ Kxh5 64. Kc2 f1Q 65. Kb2 Rc1 66. Kb3 Qb5+ 67. Ka2 Rc8 68. Ka1 Ra8# 0-1

[Event "Olympiad Women-44"]
[Site "Chennai"]
[Date "2022.08.06"]
[Round "8.4"]
[White "Levitan, Ronit"]
[Black "Johansson, Viktoria"]
[Result "1-0"]
[WhiteElo "2091"]
[BlackElo "2041"]
[PlyCount "87"]
[EventDate "2022.07.29"]
[EventType "team-swiss"]
[EventRounds "11"]
[EventCountry "IND"]
[SourceTitle "CBM 210"]
[Source "ChessBase"]
[SourceDate "2022.10.31"]
[SourceVersion "1"]
[SourceVersionDate "2022.10.31"]
[SourceQuality "1"]
[WhiteTeam "Israel (W)"]
[BlackTeam "Sweden (W)"]
[WhiteTeamCountry "ISR"]
[BlackTeamCountry "SWE"]

1. e4 c5 2. c3 Nf6 3. e5 Nd5 4. d4 cxd4 5. cxd4 Nc6 6. Nf3 d6 7. Bc4 Nb6 8. Bb5 dxe5 9. Nxe5 Bd7 10. Nxd7 Qxd7 11. Nc3 e6 12. 0-0 Be7 13. Qg4 0-0 14. Bh6 Bf6 15. Bxc6 bxc6 16. Rfd1 Qe7 17. Ne4 Kh8 18. Bg5 Bxg5 19. Qxg5 Qxg5 20. Nxg5 Nd5 21. Rac1 h6 22. Nf3 Rab8 23. Rd2 Rfc8 24. Ne5 Rc7 25. Rxc6 Rxc6 26. Nxc6 Rc8 27. Rc2 a5 28. Rc5 a4 29. g3 Rc7 30. Na5 Ra7 31. a3 Nb6 32. Rb5 Ra6 33. Kf1 Kg8 34. Ke2 Kf8 35. Kd3 Ke8 36. f4 Kd7 37. f5 exf5 38. Rxf5 f6 39. Rb5 Kd6 40. Ke4 g6 41. Rxb6+ Rxb6 42. Nc4+ Kc6 43. Nxb6 Kxb6 44. Kd5 1-0

[Event "Olympiad Women-44"]
[Site "Chennai"]
[Date "2022.07.31"]
[Round "3.4"]
[White "Calzetta Ruiz, Monica"]
[Black "Johansson, Viktoria"]
[Result "0-1"]
[WhiteElo "2230"]
[BlackElo "2041"]
[PlyCount "104"]
[EventDate "2022.07.29"]
[EventType "team-swiss"]
[EventRounds "11"]
[EventCountry "IND"]
[SourceTitle "CBM 210"]
[Source "ChessBase"]
[SourceDate "2022.10.31"]
[SourceVersion "1"]
[SourceVersionDate "2022.10.31"]
[SourceQuality "1"]
[WhiteTeam "Spain (W)"]
[BlackTeam "Sweden (W)"]
[WhiteTeamCountry "ESP"]
[BlackTeamCountry "SWE"]

1. e4 c5 2. Nf3 Nc6 3. Nc3 e5 4. Bc4 Be7 5. d3 Nf6 6. Ng5 0-0 7. f4 exf4 8. Bxf4 d6 9. 0-0 h6 10. Nf3 Be6 11. Nd5 Bxd5 12. Bxd5 Nxd5 13. exd5 Ne5 14. Bxe5 dxe5 15. c4 Bd6 16. g4 f5 17. gxf5 Rxf5 18. Qe2 Qf6 19. Nd2 Qg6+ 20. Kh1 Raf8 21. Rxf5 Rxf5 22. Ne4 Bf8 23. Rg1 Qf7 24. Rg3 b6 25. b3 Be7 26. Kg2 Rf4 27. Rg4 Qf5 28. h3 Bf8 29. Ng3 Qf7 30. Ne4 Qf5 31. Ng3 Qf7 32. Kg1 Bd6 33. Ne4 Bf8 34. Qg2 Rf3 35. Rg3 Rf4 36. Rg6 Kh7 37. Re6 Rf5 38. h4 Rf4 39. Qg3 Qf5 40. Nf2 Rf3 41. Qg2 Qf4 42. Ne4 Qe3+ 43. Kh2 Qf4+ 44. Kg1 Rxd3 45. Qg6+ Kh8 46. Kg2 Qf3+ 47. Kh2 Qh3+ 48. Kg1 Rd1+ 49. Kf2 Rf1+ 50. Ke2 Qf3+ 51. Kd2 Rd1+ 52. Kc2 Qe2+ 0-1

[Event "Reykjavik 4 Nations Cup"]
[Site "Reykjavik"]
[Date "2022.01.30"]
[Round "2.2"]
[White "Johansson, Viktoria"]
[Black "Ptacnikova, Lenka"]
[Result "1/2-1/2"]
[WhiteElo "2041"]
[BlackElo "2173"]
[PlyCount "123"]
[EventDate "2022.01.30"]
[EventType "team-tourn (rapid)"]
[EventRounds "6"]
[EventCountry "ISL"]
[SourceTitle "CBM 206 Extra"]
[Source "ChessBase"]
[SourceDate "2022.03.31"]
[SourceVersion "1"]
[SourceVersionDate "2022.03.31"]
[SourceQuality "1"]
[WhiteTeam "Sweden"]
[BlackTeam "Iceland"]
[WhiteTeamCountry "SWE"]
[BlackTeamCountry "ISL"]

1. d4 Nf6 2. c4 e6 3. Nc3 Bb4 4. e3 0-0 5. Bd3 d5 6. Nf3 b6 7. 0-0 Nbd7 8. a3 Be7 9. Qe2 Bb7 10. e4 dxe4 11. Nxe4 Nxe4 12. Bxe4 Bxe4 13. Qxe4 Nf6 14. Qe2 c5 15. dxc5 Bxc5 16. Bg5 Be7 17. Rfd1 Qc7 18. h3 Rac8 19. Rac1 h6 20. Bh4 Rfd8 21. Rxd8+ Rxd8 22. Bg3 Qd7 23. Ne5 Qd2 24. Qxd2 Rxd2 25. b4 Ne4 26. Nc6 Bf6 27. Nxa7 Bb2 28. Re1 Nxg3 29. fxg3 Bxa3 30. Nc6 Rb2 31. b5 Rc2 32. Ne5 Bd6 33. Kh2 Bxe5 34. Rxe5 Rxc4 35. g4 Kf8 36. Kg3 Ke7 37. g5 hxg5 38. Rxg5 g6 39. h4 Rc5 40. Rxc5 bxc5 41. Kf4 Kd6 42. g4 c4 43. h5 gxh5 44. gxh5 c3 45. Ke3 f5 46. h6 f4+ 47. Kd3 f3 48. h7 f2 49. Ke2 c2 50. h8Q f1Q+ 51. Kxf1 c1Q+ 52. Ke2 Qc4+ 53. Ke3 Qxb5 54. Qf8+ Kd5 55. Qf3+ Kc5 56. Qf8+ Kb6 57. Qd8+ Kc5 58. Qe7+ Kd5 59. Qd8+ Kc4 60. Qd4+ Kb3 61. Qd3+ Qxd3+ 62. Kxd3 1/2-1/2

[Event "Reykjavik Blitz op"]
[Site "Reykjavik"]
[Date "2022.01.29"]
[Round "7"]
[White "Johansson, Viktoria"]
[Black "Hallmundarson, Birkir"]
[Result "1-0"]
[WhiteElo "2041"]
[BlackElo "1256"]
[PlyCount "83"]
[EventDate "2022.01.29"]
[EventType "swiss (blitz)"]
[EventRounds "11"]
[EventCountry "ISL"]
[SourceTitle "CBM 206 Extra"]
[Source "ChessBase"]
[SourceDate "2022.03.31"]
[SourceVersion "1"]
[SourceVersionDate "2022.03.31"]
[SourceQuality "1"]

1. d4 Nf6 2. c4 e6 3. Nc3 Bb4 4. e3 d5 5. Nf3 c6 6. Bd3 Bd7 7. 0-0 Na6 8. a3 Bxc3 9. bxc3 Nc7 10. Ne5 0-0 11. f3 dxc4 12. Bxc4 b5 13. Bd3 Ncd5 14. Qc2 h6 15. e4 Nc7 16. f4 a6 17. Nf3 Qb8 18. Kh1 Qb6 19. Ne5 Rfd8 20. Nxd7 Rxd7 21. e5 Nfd5 22. f5 exf5 23. Bxf5 Ne6 24. Bd2 c5 25. dxc5 Qxc5 26. Rf3 Nd4 27. cxd4 Qxc2 28. Bxc2 Rc8 29. Bf5 Rcd8 30. Bxd7 Rxd7 31. Rc1 Kh7 32. Bb4 Kg6 33. Rg3+ Kf5 34. Rxg7 Ke4 35. Bc5 a5 36. h3 b4 37. axb4 axb4 38. Rg4+ Kd3 39. Rg3+ Kd2 40. Rb1 Rb7 41. Rf3 Kc2 42. Rfb3 1-0

[Event "Reykjavik Blitz op"]
[Site "Reykjavik"]
[Date "2022.01.29"]
[Round "5"]
[White "Johansson, Viktoria"]
[Black "Sigurpalsson, Runar"]
[Result "0-1"]
[WhiteElo "2041"]
[BlackElo "2279"]
[PlyCount "81"]
[EventDate "2022.01.29"]
[EventType "swiss (blitz)"]
[EventRounds "11"]
[EventCountry "ISL"]
[SourceTitle "CBM 206 Extra"]
[Source "ChessBase"]
[SourceDate "2022.03.31"]
[SourceVersion "1"]
[SourceVersionDate "2022.03.31"]
[SourceQuality "1"]

1. d4 Nf6 2. c4 g6 3. Nc3 Bg7 4. e4 0-0 5. Nf3 d6 6. Be2 Bg4 7. 0-0 Nfd7 8. Be3 Nc6 9. Nd2 Bxe2 10. Nxe2 e5 11. dxe5 Ncxe5 12. f3 c6 13. Qc2 Nc5 14. Rad1 Qa5 15. a3 Qa4 16. Qxa4 Nxa4 17. b3 Nb2 18. Rb1 Nbd3 19. Rfd1 Rfd8 20. Nf1 Nc5 21. b4 Na4 22. Nd2 Nd3 23. Nb3 Ndb2 24. Rd2 Nxc4 25. Rd3 Nxe3 26. Rxe3 d5 27. exd5 Rxd5 28. Re7 Rb8 29. Nf4 Rdd8 30. Rbe1 Bf8 31. R7e3 Nb2 32. h4 Nc4 33. Re4 Nxa3 34. h5 Nc2 35. R1e2 Nxb4 36. hxg6 hxg6 37. Nd4 Rxd4 38. Rxd4 Bc5 39. Red2 Rd8 40. Ne2 Bxd4+ 41. Nxd4 0-1

[Event "Reykjavik Blitz op"]
[Site "Reykjavik"]
[Date "2022.01.29"]
[Round "6"]
[White "Thrainsson, Birgir Rafn"]
[Black "Johansson, Viktoria"]
[Result "1/2-1/2"]
[WhiteElo "1715"]
[BlackElo "2041"]
[PlyCount "135"]
[EventDate "2022.01.29"]
[EventType "swiss (blitz)"]
[EventRounds "11"]
[EventCountry "ISL"]
[SourceTitle "CBM 206 Extra"]
[Source "ChessBase"]
[SourceDate "2022.03.31"]
[SourceVersion "1"]
[SourceVersionDate "2022.03.31"]
[SourceQuality "1"]

1. e4 c5 2. f4 d5 3. e5 Nc6 4. Nf3 Bf5 5. d3 e6 6. Be2 h5 7. Nc3 h4 8. h3 Nh6 9. 0-0 Be7 10. Qe1 Bg6 11. Bd1 Nf5 12. Ng5 Ncd4 13. Ne2 Nxe2+ 14. Bxe2 Ng3 15. Rf2 Qb6 16. a4 Rc8 17. a5 Qc7 18. c3 d4 19. Bd2 0-0 20. Qd1 dxc3 21. bxc3 Rfd8 22. Rf3 Qd7 23. Be1 Nxe2+ 24. Qxe2 Bxd3 25. Qf2 Bg6 26. Qxh4 Bxg5 27. Qxg5 c4 28. Qg3 Qc6 29. Qf2 Rd7 30. Ra2 Rcd8 31. Re2 Rd1 32. Kh2 a6 33. h4 Be4 34. Rg3 R1d3 35. Ree3 Rxe3 36. Rxe3 Rd3 37. Rxd3 cxd3 38. Bd2 Qd5 39. Qb6 Bxg2 40. Qd8+ Kh7 41. Qg5 Be4 42. Qh5+ Kg8 43. Qg5 Bg6 44. Qg3 Qe4 45. Qf2 Qe2 46. Qxe2 dxe2 47. Kg2 Bd3 48. Kf2 f6 49. Ke3 Bb5 50. Kd4 fxe5+ 51. Kxe5 Kf7 52. h5 Bc4 53. Be1 Bd5 54. Bd2 Kf8 55. f5 Kf7 56. fxe6+ Bxe6 57. Kf4 Bc4 58. Kg5 Bd3 59. Be1 g6 60. h6 Kg8 61. Bd2 Kh7 62. Be1 Bb5 63. Bd2 Bd3 64. Be1 Bc2 65. Bd2 Bf5 66. Be1 Bd3 67. Bd2 Bf5 68. Be1 1/2-1/2

[Event "EU-ch blitz (Women)"]
[Site "Monte Carlo"]
[Date "2019.11.29"]
[Round "1"]
[White "Johansson, Viktoria"]
[Black "Michna, Marta"]
[Result "0-1"]
[WhiteElo "2120"]
[BlackElo "2366"]
[PlyCount "40"]
[EventDate "2019.11.29"]
[EventType "swiss (blitz)"]
[EventRounds "13"]
[EventCountry "MNC"]
[SourceTitle "CBM 193 Extra"]
[Source "ChessBase"]
[SourceDate "2020.01.31"]
[SourceVersion "1"]
[SourceVersionDate "2020.01.31"]
[SourceQuality "1"]

1. d4 Nf6 2. c4 d6 3. Nf3 Nbd7 4. Nc3 e5 5. e4 g6 6. Be2 Bg7 7. 0-0 0-0 8. h3 c6 9. Be3 Qc7 10. Qc2 Re8 11. d5 a6 12. Rac1 c5 13. a3 h6 14. Nd2 Rf8 15. b4 b6 16. bxc5 bxc5 17. Rb1 Nh7 18. a4 f5 19. exf5 gxf5 20. f4 e4 0-1

[Event "Stockholm Cramling op"]
[Site "Stockholm"]
[Date "2018.09.02"]
[Round "6"]
[White "Bengtsson, Jessica"]
[Black "Johansson, Viktoria"]
[Result "1-0"]
[WhiteElo "1986"]
[BlackElo "2106"]
[PlyCount "73"]
[EventDate "2018.09.01"]
[EventType "swiss"]
[EventRounds "7"]
[EventCountry "SWE"]
[SourceTitle "CBM 186 Extra"]
[Source "ChessBase"]
[SourceDate "2018.08.24"]
[SourceVersion "1"]
[SourceVersionDate "2018.08.24"]
[SourceQuality "1"]

1. e4 c5 2. c3 Nf6 3. e5 Nd5 4. d4 cxd4 5. Nf3 Nc6 6. cxd4 d6 7. Bc4 e6 8. 0-0 Be7 9. Bd2 0-0 10. Nc3 Nb6 11. Bb3 Bd7 12. Qe2 dxe5 13. dxe5 Nb4 14. Rad1 Qc8 15. Bg5 Bxg5 16. Nxg5 h6 17. Qe4 hxg5 18. Qxb4 Qc7 19. Rfe1 Bc6 20. Qg4 Qe7 21. Rd3 Rad8 22. Rh3 g6 23. Rh6 Kg7 24. Qh3 Rh8 25. Rxh8 Rxh8 26. Qe3 Rh4 27. Rd1 Qb4 28. Qxg5 Rg4 29. Qf6+ Kh6 30. Qh8+ Kg5 31. Qf6+ Kh6 32. Rd8 Rxg2+ 33. Kf1 Bb5+ 34. Nxb5 Qxb5+ 35. Kxg2 Qc6+ 36. Kg3 Nd7 37. Rh8# 1-0

[Event "Vaxjo op"]
[Site "Vaxjo"]
[Date "2017.02.12"]
[Round "8"]
[White "Ornstein, Axel"]
[Black "Johansson, Viktoria"]
[Result "1-0"]
[WhiteElo "2358"]
[BlackElo "2114"]
[PlyCount "61"]
[EventDate "2017.02.10"]
[EventType "swiss"]
[EventRounds "8"]
[EventCountry "SWE"]
[SourceTitle "CBM 176 Extra"]
[Source "ChessBase"]
[SourceDate "2017.03.02"]
[SourceVersion "1"]
[SourceVersionDate "2017.03.02"]
[SourceQuality "1"]

1. Nf3 c5 2. c4 Nc6 3. Nc3 g6 4. e3 Bg7 5. d4 Nf6 6. d5 Nb8 7. e4 d6 8. h3 0-0 9. Bf4 Na6 10. Be2 Nc7 11. 0-0 a6 12. a4 Rb8 13. Qd2 b6 14. e5 Nfe8 15. Rfe1 Bd7 16. Ne4 Bf5 17. Ng3 Bd7 18. Bd3 b5 19. axb5 axb5 20. b3 bxc4 21. bxc4 Rb4 22. Bh6 dxe5 23. Bxg7 Kxg7 24. Rxe5 f6 25. Re4 Nd6 26. Rh4 Nf7 27. Ne4 Qb8 28. Nxc5 Bc8 29. Qe3 Qb6 30. Qxe7 h5 31. Bxg6 1-0

[Event "Olympiad Women-40"]
[Site "Istanbul"]
[Date "2012.09.05"]
[Round "8.2"]
[White "Johansson, Viktoria"]
[Black "Sharevich, Anna"]
[Result "1/2-1/2"]
[WhiteElo "2179"]
[BlackElo "2261"]
[PlyCount "160"]
[EventDate "2012.08.28"]
[EventType "team-swiss"]
[EventRounds "11"]
[EventCountry "TUR"]
[SourceTitle "CBM 150 Extra"]
[Source "ChessBase"]
[SourceDate "2012.10.19"]
[SourceVersion "1"]
[SourceVersionDate "2012.10.19"]
[SourceQuality "1"]
[WhiteTeam "Sweden (W)"]
[BlackTeam "Belarus (W)"]
[WhiteTeamCountry "SWE"]
[BlackTeamCountry "BLR"]

1. d4 d5 2. c4 e6 3. Nc3 Be7 4. cxd5 exd5 5. Bf4 c6 6. Qc2 Bd6 7. Bxd6 Qxd6 8. e3 Ne7 9. Bd3 g6 10. Nge2 Bf5 11. 0-0 0-0 12. f3 Na6 13. a3 Bxd3 14. Qxd3 Nc7 15. e4 dxe4 16. fxe4 Rad8 17. Rad1 f6 18. Qe3 Qd7 19. h4 Rde8 20. Qg3 f5 21. h5 fxe4 22. Rxf8+ Rxf8 23. hxg6 Nxg6 24. Nxe4 Nd5 25. N2c3 Qf5 26. Re1 Ndf4 27. Ng5 Nh5 28. Qe3 h6 29. Nf3 Nhf4 30. Ne2 Qg4 31. Nxf4 Nxf4 32. Qd2 Qg3 33. Kh1 Nxg2 34. Rg1 Rxf3 35. Qxh6 Qh3+ 36. Qxh3 Rxh3+ 37. Kxg2 Rb3 38. Kf1+ Kf7 39. Rg2 Rd3 40. Rh2 Ke6 41. Rh7 Rb3 42. Rh2 Kd5 43. Ke1 Kxd4 44. Kd1 b5 45. Kc2 Re3 46. Rh4+ Kc5 47. Rh5+ Kb6 48. Rh4 a5 49. Rg4 a4 50. Rh4 Kc5 51. Rg4 Kd5 52. Rh4 c5 53. Rg4 Re4 54. Rg3 b4 55. axb4 cxb4 56. Rg8 Re2+ 57. Kc1 Kc4 58. Rg3 Rh2 59. Rf3 Rh4 60. Rg3 Rd4 61. Kc2 Rf4 62. Kc1 Kd4 63. Rh3 Re4 64. Kd2 Rg4 65. Rh2 Kc4 66. Rh3 Rg2+ 67. Kc1 Re2 68. Rg3 Kd4 69. Rh3 Re3 70. Rh8 Kc4 71. Kc2 Re2+ 72. Kb1 Re1+ 73. Kc2 b3+ 74. Kd2 Re5 75. Rc8+ Kb4 76. Rb8+ Rb5 77. Rh8 a3 78. bxa3+ Kxa3 79. Kc1 Ra5 80. Kb1 Ra7 1/2-1/2

[Event "Andorra op 30th"]
[Site "La Massana"]
[Date "2012.07.29"]
[Round "9"]
[White "Valdes Romero, Leonardo"]
[Black "Johansson, Viktoria"]
[Result "1-0"]
[WhiteElo "2380"]
[BlackElo "2179"]
[PlyCount "89"]
[EventDate "2012.07.21"]
[EventType "swiss"]
[EventRounds "9"]
[EventCountry "AND"]
[SourceTitle "CBM 149 Extra"]
[Source "ChessBase"]
[SourceDate "2012.08.24"]
[SourceVersion "1"]
[SourceVersionDate "2012.08.24"]
[SourceQuality "1"]

1. Nf3 c5 2. g3 Nc6 3. Bg2 g6 4. 0-0 Bg7 5. d3 d6 6. e4 e6 7. c3 Nge7 8. d4 0-0 9. dxc5 dxc5 10. Qe2 b6 11. Na3 a6 12. e5 Qc7 13. Nc4 Nd5 14. a4 Rb8 15. Re1 Bd7 16. Qe4 b5 17. axb5 axb5 18. Ne3 Nce7 19. Ng4 Bc6 20. Nh6+ Kh8 21. Qh4 Nf5 22. Qh3 f6 23. exf6 Nxf6 24. Nxf5 exf5 25. Bf4 Qb7 26. Bxb8 Qxb8 27. Ne5 Be8 28. Ra8 Qd6 29. Qh4 Qd2 30. Nxg6+ Kg8 31. Raxe8 hxg6 32. R8e2 Qd6 33. Qg5 Kh7 34. Qd2 Qb6 35. Re6 Qb8 36. Re7 Rd8 37. Qg5 Rd6 38. Qh4+ Nh5 39. Bf3 Kh6 40. R7e6 Bf6 41. Rxf6 Rxf6 42. Bxh5 g5 43. Qh3 Kg7 44. Bf3 Qd8 45. Qf1 1-0

[Event "Leros Artemis Cup 2nd"]
[Site "Leros"]
[Date "2010.07.15"]
[Round "4"]
[White "Johansson, Viktoria"]
[Black "Kasparov, Sergey"]
[Result "0-1"]
[WhiteElo "2179"]
[BlackElo "2492"]
[PlyCount "99"]
[EventDate "2010.07.13"]
[EventType "swiss"]
[EventRounds "9"]
[EventCountry "GRE"]
[SourceTitle "CBM 137 Extra"]
[Source "ChessBase"]
[SourceDate "2010.09.01"]
[SourceVersion "1"]
[SourceVersionDate "2010.09.01"]
[SourceQuality "1"]

1. d4 d5 2. c4 c6 3. Nf3 Nf6 4. Nc3 a6 5. c5 Nbd7 6. Bf4 Nh5 7. Bd2 Nhf6 8. Bf4 g6 9. h3 Bg7 10. e3 0-0 11. Be2 Re8 12. 0-0 Nf8 13. Qc2 N6d7 14. e4 dxe4 15. Nxe4 Ne6 16. Be3 Nf6 17. Nxf6+ Bxf6 18. Rad1 Nc7 19. h4 Nd5 20. h5 Bf5 21. Qb3 Qc7 22. Bc4 Rad8 23. Bd2 Bg4 24. hxg6 hxg6 25. Bh6 Kh7 26. Bc1 Kg7 27. Rfe1 Rh8 28. Re4 Qc8 29. Rde1 Rh5 30. Ne5 Rdh8 31. f3 Bf5 32. Bxd5 cxd5 33. Bf4 Bxe4 34. Rxe4 Bxe5 35. Rxe5 Rxe5 36. Bxe5+ f6 37. Bg3 Qc6 38. Qe3 Kf7 39. b4 Qa4 40. Qd2 g5 41. Be1 Qd7 42. Qc2 g4 43. f4 Qe6 44. Bf2 Rh5 45. a4 Qf5 46. Qd2 Qh7 47. Bg3 Rh1+ 48. Kf2 Qb1 49. a5 Qg1+ 50. Ke2 0-1

[Event "WMSG Rapid Team 1st (Women)"]
[Site "Beijing"]
[Date "2008.10.14"]
[Round "1"]
[White "Vasilevich, Tatjana"]
[Black "Johansson, Viktoria"]
[Result "1-0"]
[WhiteElo "2368"]
[BlackElo "2179"]
[PlyCount "100"]
[EventDate "2008.10.14"]
[EventType "team (rapid)"]
[EventRounds "9"]
[EventCountry "CHN"]
[SourceTitle "CBM 126 Extra"]
[Source "ChessBase"]
[SourceDate "2008.11.05"]
[SourceVersion "1"]
[SourceVersionDate "2008.11.05"]
[SourceQuality "1"]

1. d4 d5 2. c4 c6 3. Nf3 Nf6 4. e3 a6 5. Bd3 b5 6. cxb5 cxb5 7. a4 b4 8. a5 e6 9. 0-0 Bd6 10. Nbd2 0-0 11. Nb3 Nbd7 12. Bd2 Qe7 13. Qe2 Ne4 14. Rfc1 e5 15. Be1 Ng5 16. Nxe5 Bxe5 17. dxe5 Nxe5 18. Nd4 Bg4 19. f3 Nxd3 20. Qxd3 Bd7 21. h4 Ne6 22. Nf5 Qf6 23. Bxb4 Bb5 24. Qc2 Rfe8 25. Nd6 Nd4 26. Nxe8 Rxe8 27. exd4 Qxd4+ 28. Qf2 Qxb4 29. Re1 Rxe1+ 30. Rxe1 Qxa5 31. Re5 Qd8 32. Qc5 Bc4 33. Qc6 Bb5 34. Rxd5 Qb8 35. Qb7 Qe8 36. Rd1 h6 37. Qe4 Qb8 38. Qd4 Kh7 39. Kh1 Qg3 40. Qe4+ g6 41. Qe7 Kg7 42. Re1 Kg8 43. Qd8+ Kh7 44. Qe7 Kg8 45. Kg1 h5 46. Rc1 Qf4 47. Rd1 Kg7 48. Qd8 Qe3+ 49. Kh1 Qe2 50. Qd2 Qe5 1-0

[Event "WMSG Blitz Team 1st (Women)"]
[Site "Beijing"]
[Date "2008.10.13"]
[Round "8"]
[White "Berezina, Irina"]
[Black "Johansson, Viktoria"]
[Result "1-0"]
[WhiteElo "2252"]
[BlackElo "2179"]
[PlyCount "155"]
[EventDate "2008.10.13"]
[EventType "team (blitz)"]
[EventRounds "11"]
[EventCountry "CHN"]
[SourceTitle "CBM 126 Extra"]
[Source "ChessBase"]
[SourceDate "2008.11.05"]
[SourceVersion "1"]
[SourceVersionDate "2008.11.05"]
[SourceQuality "1"]

1. d4 d5 2. c4 c6 3. Nf3 Nf6 4. Nc3 dxc4 5. e3 b5 6. e4 b4 7. Na4 Nxe4 8. Bxc4 e6 9. 0-0 Be7 10. Re1 Nd6 11. Bd3 0-0 12. Nc5 Nd7 13. Qc2 Nf6 14. Ne5 Qc7 15. Bd2 a5 16. Rac1 Rd8 17. h3 g6 18. Bf4 Qa7 19. Nxc6 Qb6 20. Nxe7+ Kf8 21. Nxc8 Raxc8 22. Qe2 Nf5 23. Bxf5 exf5 24. Be5 Nd5 25. Qd2 f6 26. Nd7+ Rxd7 27. Rxc8+ Kf7 28. Bh2 Ne7 29. Rc4 Qb5 30. Qc2 Kg7 31. Rc7 Kf7 32. Bd6 Nd5 33. Rxd7+ Qxd7 34. Bc5 f4 35. Qc4 Kg7 36. Qa6 f3 37. Qd6 Qf7 38. gxf3 h5 39. Qe6 Qb7 40. Qe8 h4 41. Qf8+ Kh7 42. Re8 g5 43. Qg8+ Kh6 44. Bf8+ Kh5 45. Qh8+ Kg6 46. Bc5 Nf4 47. Qg8+ Kf5 48. Re4 Nxh3+ 49. Kh2 Nxf2 50. Qe6+ Kg6 51. Qe7 Qb8+ 52. Bd6 Qg8 53. Re6 Nd3 54. Rxf6+ Kh5 55. Qf7+ Qxf7 56. Rxf7 Nf4 57. Bxf4 gxf4 58. Rxf4 Kg5 59. Re4 Kf5 60. Re5+ Kf4 61. Kg2 h3+ 62. Kxh3 Kxf3 63. Rxa5 Ke4 64. d5 Ke5 65. Kg3 Kd4 66. Kf3 b3 67. axb3 Ke5 68. Ke3 Kd6 69. Kd4 Kd7 70. Ke5 Ke7 71. d6+ Kd7 72. Ra7+ Kd8 73. d7 Ke7 74. Kd5 Kd8 75. Kc5 Ke7 76. Kc6 Kd8 77. Ra8+ Ke7 78. d8Q+ 1-0

[Event "WMSG Blitz Team 1st (Women)"]
[Site "Beijing"]
[Date "2008.10.13"]
[Round "5"]
[White "Johansson, Viktoria"]
[Black "Johnsen, Sylvia"]
[Result "1-0"]
[WhiteElo "2179"]
[BlackElo "2040"]
[PlyCount "139"]
[EventDate "2008.10.13"]
[EventType "team (blitz)"]
[EventRounds "11"]
[EventCountry "CHN"]
[SourceTitle "CBM 126 Extra"]
[Source "ChessBase"]
[SourceDate "2008.11.05"]
[SourceVersion "1"]
[SourceVersionDate "2008.11.05"]
[SourceQuality "1"]

1. d4 g6 2. c4 c6 3. Nc3 d5 4. Bf4 Nf6 5. e3 Bg7 6. Rc1 0-0 7. Nf3 Bg4 8. Be2 dxc4 9. Bxc4 Nbd7 10. 0-0 Nb6 11. Bb3 Nbd5 12. Bg3 Nxc3 13. bxc3 Ne4 14. Bf4 Qa5 15. c4 c5 16. h3 Bxf3 17. gxf3 Nc3 18. Qd2 cxd4 19. exd4 e5 20. dxe5 Bxe5 21. Bxe5 Qxe5 22. Rxc3 Rad8 23. Qe3 Qh5 24. Kg2 Rfe8 25. Qf4 Re5 26. Kh2 Rde8 27. c5 Rf5 28. Qg4 Qh6 29. Rd3 Rf8 30. Rd5 Rf4 31. Qg5 Qxg5 32. Rxg5 Rxf3 33. Rd5 Rc3 34. Re1 Rc8 35. Re7 b6 36. cxb6 axb6 37. Rdd7 Rf3 38. Bxf7+ Kf8 39. Bd5 Rxf2+ 40. Kg3 Rcc2 41. Rf7+ Rxf7 42. Rxf7+ Ke8 43. Rxh7 b5 44. Kf4 b4 45. Kg5 Rc5 46. Kxg6 Rxd5 47. Rb7 Rd4 48. Kg5 Kd8 49. h4 Kc8 50. Rb5 Rc4 51. h5 Rc1 52. Rxb4 Kd7 53. a4 Ke6 54. Rb6+ Ke5 55. a5 Rg1+ 56. Kh6 Kf5 57. a6 Ra1 58. Kg7 Rg1+ 59. Kh7 Ra1 60. h6 Kg5 61. Kg7 Kf5 62. h7 Rg1+ 63. Kf8 Rh1 64. Rb7 Kf6 65. a7 Ra1 66. h8Q+ Kf5 67. Qh6 Ke4 68. Qg5 Rf1+ 69. Ke7 Rf5 70. Rb4+ 1-0

[Event "WMSG Blitz Team 1st (Women)"]
[Site "Beijing"]
[Date "2008.10.13"]
[Round "6"]
[White "Johansson, Viktoria"]
[Black "Shahade, Jennifer"]
[Result "0-1"]
[WhiteElo "2179"]
[BlackElo "2322"]
[PlyCount "73"]
[EventDate "2008.10.13"]
[EventType "team (blitz)"]
[EventRounds "11"]
[EventCountry "CHN"]
[SourceTitle "CBM 126 Extra"]
[Source "ChessBase"]
[SourceDate "2008.11.05"]
[SourceVersion "1"]
[SourceVersionDate "2008.11.05"]
[SourceQuality "1"]

1. d4 Nf6 2. c4 e6 3. Nc3 Bb4 4. e3 b6 5. f3 0-0 6. Bd3 d5 7. Nge2 dxc4 8. Bxc4 Ba6 9. Bxa6 Nxa6 10. Qa4 Qc8 11. 0-0 c5 12. dxc5 Bxc5 13. Kh1 Nc7 14. e4 e5 15. Bg5 Be7 16. Rac1 Qb7 17. Ng3 Ne6 18. Bxf6 Bxf6 19. Nd5 Bg5 20. Rc2 Rac8 21. Rxc8 Rxc8 22. Nf5 Nc5 23. Qb5 Rd8 24. b4 Ne6 25. h3 g6 26. Nfe3 Nd4 27. Qd3 Kg7 28. Ng4 Re8 29. Nxe5 Rxe5 30. Qxd4 f6 31. f4 Bxf4 32. Nxf4 Rxe4 33. Qd6 Qf7 34. Rd1 Qxa2 35. Qc7+ Kh6 36. Qc1 g5 37. Nd3 0-1

[Event "WMSG Blitz Team 1st (Women)"]
[Site "Beijing"]
[Date "2008.10.13"]
[Round "7"]
[White "Kryger, Oksana"]
[Black "Johansson, Viktoria"]
[Result "1-0"]
[WhiteElo "2142"]
[BlackElo "2179"]
[PlyCount "34"]
[EventDate "2008.10.13"]
[EventType "team (blitz)"]
[EventRounds "11"]
[EventCountry "CHN"]
[SourceTitle "CBM 126 Extra"]
[Source "ChessBase"]
[SourceDate "2008.11.05"]
[SourceVersion "1"]
[SourceVersionDate "2008.11.05"]
[SourceQuality "1"]

1. d4 d5 2. c4 c6 3. Nf3 Nf6 4. Nc3 dxc4 5. a4 Bf5 6. Ne5 Nbd7 7. Nxc4 Qc7 8. f3 Bg6 9. e4 e5 10. Be3 Bb4 11. dxe5 Nxe5 12. Nxe5 Qxe5 13. Bd4 Qe7 14. Qb3 Nxe4 15. Be2 Nxc3 16. bxc3 Bd3 17. Ra2 Bd6 1-0